Library Banner

The muscular system manual : (Record no. 118349)

MARC details
000 -LEADER
fixed length control field 00661cam a2200205 i 4500
001 - CONTROL NUMBER
control field 18811181
005 - DATE AND TIME OF LATEST TRANSACTION
control field 20200901162831.0
008 - FIXED-LENGTH DATA ELEMENTS--GENERAL INFORMATION
fixed length control field 151007s2017 moua b 001 0 eng
020 ## - INTERNATIONAL STANDARD BOOK NUMBER
International Standard Book Number 9780323327701 (pbk. : alk. paper)
040 ## - CATALOGING SOURCE
Transcribing agency PK-LaUMT
082 00 - DEWEY DECIMAL CLASSIFICATION NUMBER
Classification number 612.74
Edition number 23
Item number MUS-M
100 1# - MAIN ENTRY--PERSONAL NAME
Personal name Muscolino, Joseph E.
245 14 - TITLE STATEMENT
Title The muscular system manual :
Remainder of title the skeletal muscles of the human body /
Statement of responsibility, etc by Joseph E. Muscolino
250 ## - EDITION STATEMENT
Edition statement 4th ed.
260 ## - PUBLICATION, DISTRIBUTION, ETC. (IMPRINT)
Place of publication, distribution, etc Middouri :
Name of publisher, distributor, etc Elsevier,
Date of publication, distribution, etc 2017
300 ## - PHYSICAL DESCRIPTION
Extent xxii, 774 p. :
Other physical details color illustrations ;
Dimensions 28 cm
650 12 - SUBJECT ADDED ENTRY--TOPICAL TERM
Topical term or geographic name as entry element Musculoskeletal System
General subdivision anatomy & histology
650 22 - SUBJECT ADDED ENTRY--TOPICAL TERM
Topical term or geographic name as entry element Muscles
General subdivision physiology
942 ## - ADDED ENTRY ELEMENTS (KOHA)
Koha item type Books
Holdings
Withdrawn status Lost status Damaged status Home library Current library Date acquired Full call number Barcode Date last seen Price effective from Koha item type
      UMT Health Sciences Campus UMT Health Sciences Campus 2020-09-01 612.74 MUS-M 134692 2025-05-24 2020-09-01 Books